[Event "HUN-chT2 Barcza 0405"]
[Site "Hungary"]
[Date "2004.11.21"]
[Round "3"]
[White "Thiele, Balazs"]
[Black "Kocsis, Gergely Istvan"]
[Result "1-0"]
[WhiteElo "1581"]
[BlackElo "1769"]
[PlyCount "67"]
[EventDate "2004.09.26"]
[EventType "team"]
[EventRounds "11"]
[EventCountry "HUN"]
[SourceTitle "EXT 2009"]
[Source "ChessBase"]
[SourceDate "2008.11.26"]
[SourceVersion "1"]
[SourceVersionDate "2008.11.26"]
[SourceQuality "1"]
[WhiteTeam "Karcag"]
[BlackTeam "DEAC"]
[WhiteTeamCountry "HUN"]
[BlackTeamCountry "HUN"]

1. e4 c5 2. Nf3 a6 3. d4 cxd4 4. Nxd4 e5 5. Nb3 Nf6 6. Bd3 d5 7. exd5 Qxd5 8. 0-0 Be7 9. Nc3 Qd6 10. Bg5 0-0 11. f4 Rd8 12. Qf3 exf4 13. Bxf4 Qb6+ 14. Kh1 Nc6 15. Qg3 Nh5 16. Qf3 Nxf4 17. Qxf4 Be6 18. Rae1 Qb4 19. Qf3 Rf8 20. Nd5 Bxd5 21. Qxd5 Rad8 22. Qf3 Qh4 23. Re4 Qh6 24. Bc4 Bf6 25. Nc5 Ne5 26. Rxe5 Bxe5 27. Bxf7+ Kh8 28. g3 Rd2 29. Rf2 Rxf2 30. Qxf2 Qc1+ 31. Kg2 Rxf7 32. Qxf7 Qxc2+ 33. Kh3 h6 34. Qe8+ 1-0